000 00998nam a2200241 u 4500
001 000477709
003 AM-YeHGA
005 20250617134029.0
008 060302s1989 |||a r 000 0 rus d
020 _a5235003497
040 _aAM-YeHGA
041 0 _arus
100 1 _aБелов, Василий Иванович.
245 1 0 _aЛад ;
_bОчерки о народной эстетике /
_cВасилий Белов; Фотосъемка А. Заболоцкого; Худож. А. Зубченко, Н. Крылов.
250 _a2-е изд., перераб.
260 _aМосква :
_bМол. гвардия,
_c1989.
300 _a421 с. :
_bпортр.; цв. ил.
653 0 _aРусские - Этнография
653 0 _aКрестьянство на Севере европейской части РСФСР
700 1 _aЗаболоцкий, Анатолий
_eфот.
_4pht
700 1 _aЗубченко, Александр
_eил.
_4ill
090 _c176644
999 _c175201
_d175201